1893 1104 1017 1949 1770 1892 1460 1750 1782 1897 1393 1439 1660 1692 1161 1507 1257 1381 1371 1464 1216 1199 1569 1738 1263 1778 1045 1354 1634 1398 1382 1849 1516 1915 1559 1026 1736 1452 1174 1655 1824 1094 1650 1574 1494 1077 1877 1516 1156 1278 1810 1491 1531 1850 1132 1143 1937 1825 1687 1869 1371 1057 1874 1640 1002 1745 1224 1358 1178 1460 1711 1266 1842 1232 1490 1709 1048 1109 1338 1951 1668 1153 1930 1647 1719 1418 1711 1075 1776 1079 1410 1127 1554 1379 1986 1233 1024 1545 1898 BCNSPRNW ULIB Ver.6.0+V

เปลี่ยนเป็นภาษาไทย

Change to English
 แสดงรายละเอียดบรรณานุกรม
  กลับหน้าหลัก

Brief Record : Get Marc (ISO 2709) : E-mail record : QR code < ปิดหน้าต่าง
LEADER : 00000nam 2200000uu 4500
001    13399113631
003     ULIB
008    111124s2552||||th 000 0 tha d
020    ^a9786115000293
090    ^aนว.^bอ495ป 2552
100 0  ^aอลินน์
245 00 ^aประทีปแสงดาว/^cอลินน์
250    ^aพิมพ์ครั้งที่ 1
260    ^aกรุงเทพฯ :^bพิมพ์คำ,^c2552
300    ^a402 หน้า
710 1  ^aพิมพ์คำ
945    ^p240^l0^i16415
995    ^aกัณชพร
999    ^aใช้งานได้ทุกระบบ
รายการนี้ยังไม่มีแท็ก
คุณยังไม่ได้ล็อกอิน คุณสามารถมีกิจกรรมร่วมกับเว็บไซต์ได้ แต่ต้องล็อกอินก่อน ::
  ล็อกอิน

รายการสื่อสารสนเทศ

ลำดับที่ ประเภท เลขเรียก/บาร์โค้ด สถานที่ สถานะ
1. นวนิยาย
นวนิยาย
นว. อ495ป 2552 ฉ.1 
  Barcode: 16415
ห้องสมุดวิทยาเขตสวรรค์ประชารักษ์
►นวนิยาย
บนชั้น
  ขอยืม

รายการใกล้เคียง
    ผู้แต่ง [อลินน์]

BibComment


ยังไม่เคยถูกคอมเมนท์

คอมเมนท์ทรัพยากรรายการนี้
  คอมเมนท์: ประทีปแสงดาว อลิ..


 Copyright 2026. Bcnsprnw @Library